00350 2200157 4500001002100000005001500021035002000036245003300056100001500089300001200104260002600116082001000142084001600152990001200168990001200180INLIS00000000000166720250429101853 a0010-04250000831 aKamus 3 Bahasa /cMuh. Ilyas0 aMuh. Ilyas a128 hlm aSolo :bLingkar Media a400.3 a400.3 MUH k a0754672 a0754673